| 000 | 01066pam a2200277 a 4500 | ||
|---|---|---|---|
| 001 | 2897062 | ||
| 005 | 20070504073557.0 | ||
| 008 | 880408s1989 nyua 001 0 eng | ||
| 010 | _a 87040647 | ||
| 020 | _a0743461568 | ||
| 040 |
_aDLC _cDLC _dDLC |
||
| 050 | 0 | 0 |
_aHQ774 _b.E47 1989 |
| 082 | 0 | 0 |
_a649.122 _bWHA |
| 245 | 1 | 0 |
_aWhat to Expect the First Year / _cHeidi Murkoff ... [et al.] |
| 250 | _a2nd ed. | ||
| 260 |
_aLondon : _bPocket Books, _cc1989. |
||
| 300 |
_a806 p. : _bill. ; _c23 cm. |
||
| 650 | 0 |
_aInfants. _919304 |
|
| 650 | 0 |
_aChild rearing. _919305 |
|
| 650 | 0 |
_aInfants _xCare. _919306 |
|
| 700 | 1 |
_aMurkoff, Heidi Eisenberg. _919307 |
|
| 856 | 4 | 2 |
_3Publisher description _uhttp://www.loc.gov/catdir/enhancements/fy0714/87040647-d.html |
| 856 | 4 | 1 |
_3Table of contents only _uhttp://www.loc.gov/catdir/enhancements/fy0714/87040647-t.html |
| 942 |
_2ddc _cBB |
||
| 999 |
_c10587 _d10587 |
||